LEADER 01083cam0-22003251i-450- 001 990007152750403321 005 20120906104110.0 035 $a000715275 035 $aFED01000715275 035 $a(Aleph)000715275FED01 035 $a000715275 100 $a20021021d1999----km-y0itay50------ba 101 0 $aita 102 $aIT 200 1 $aTecnologie riproduttive e problemi giuridici$eriflessioni di diritto civile su alcune delle principali questioni poste dall'affermarsi delle metodiche artificiali di procreazione umana$fGianni Baldini 210 $aTorino$cGiappichelli$d1999 215 $aXI, 404 p.$d23 cm 225 1 $aUniversità/oggi$v1 610 0 $aFecondazione artificiale$aAspetti giuridici 676 $a344.4504196$v21$zita 700 1$aBaldini,$bGianni$f<1969- >$0262892 801 0$aIT$bUNINA$gREICAT$2UNIMARC 901 $aBK 912 $a990007152750403321 952 $aIX D 86$b3305$fDDCIC 952 $a10-C-549$b11253$fDDCP 959 $aDDCIC 959 $aDDCP 996 $aTecnologie riproduttive e problemi giuridici$9690793 997 $aUNINA LEADER 00954nam0-22003251i-450- 001 990003847200403321 005 20080108144703.0 035 $a000384720 035 $aFED01000384720 035 $a(Aleph)000384720FED01 035 $a000384720 100 $a20030910d--------km-y0itay50------ba 101 0 $aita 102 $aIT 200 1 $aCapital Exports and Growth Among U.S. Regions$fBy J. Thomas Romans. 210 $aMiddletown (Conn.)$cWesleyan University Press$d1965. 215 $axvii, 230 p.$cill.$d23 cm 225 1 $a<>New England Research Series 610 0 $aEconomia regionale$aStati Uniti 676 $aF/1.221 676 $aF/3.113 676 $aF/3.3 700 1$aRomans,$bJ. Thomas$0145821 801 0$aIT$bUNINA$gRICA$2UNIMARC 901 $aBK 912 $a990003847200403321 952 $aF/3.113 ROM$b409/I$fSES 959 $aSES 996 $aCapital Exports and Growth Among U.S. Regions$9507304 997 $aUNINA